«Пари Сен-Жермен» - Армагеддон - Statistics

General Stats
  • This quiz has been taken 16 times
    9 since last reset
  • The average score is 25 of 50
Answers on the Grid
Answers color-coded by a green-red scale on the quiz's grid according to % correct below.
Килиан Мбаппе
Неймар
Гильфи Сигурдссон
Эдинсон Кавани
Златан Ибрагимович
Кейлор Навас
Франк Лебёф
Хвича Кварацхелия
Лионель Месси
Иван Ракитич
Мауро Икарди
Тиагу Мотта
Людовик Жюли
Джанлука Виалли
Адриен Рабьо
Роналдиньо
Марио Гомес
Юрген Клинсман
Сон Хын Мин
Лукас Моура
Джанфранко Дзола
Эдуар Сиссе
Педро
Роберто Ди Маттео
Давид Луис
Уго Льорис
Ашраф Хакими
Хавьер Пасторе
Клод Макелеле
Пол Гаскойн
Серж Орье
Марек Гамшик
Хесус Навас
Марко Верратти
Эвер Банега
Хавьер Санетти
Лусио
Джей-Джей Окоча
Анхель Ди Мария
Маркиньос
Сафет Сушич
Жоэль Батс
Виллиан
Сильвен Арман
Александр Глеб
Филипп Лам
Эсекьель Лавесси
Фелипе Мело
Алекс Теллес
Роналдо
Джердан Шакири
Стеван Йоветич
Левен Кюрзава
Дани Алвес
Гари Линекер
Пол Робинсон
Лаутаро Мартинес
Эурелио Гомес
Фрэнк Лэмпард
Габриэль Хайнце
Пеги Люйиндюла
Херман Денис
Давид Жинола
Мануэль Нойер
Раи
Дидье Дрогба
Витинья
Бранислав Иванович
Арьен Роббен
Юлиан Дракслер
Венсан Герен
Эстебан Камбьяссо
Вальтер Самуэль
Тиагу Силва
Джанлуиджи Буффон
Ивица Олич
Кристофер Нкунку
Дадо Пршо
Максвелл
Алли Маккойст
Клаудио Каниджа
Стивен Джеррард
Педру Паулета
Юрий Джоркаефф
Диего Марадона
Тимо Хильдебранд
Усман Дембеле
Джермейн Дефо
Барри Фергюсон
Джордж Веа
Блез Матюиди
Сальваторе Сиригу
Кристиан Вьери
Жером Ротен
Кевин Трапп
Преснель Кимпембе
Эдин Джеко
Пабло Сарабия
Кевин Кураньи
 
Answer Stats
Answer % Correct
Килиан Мбаппе
89%
Хвича Кварацхелия
89%
Неймар
78%
Златан Ибрагимович
78%
Лионель Месси
78%
Мауро Икарди
78%
Анхель Ди Мария
78%
Усман Дембеле
78%
Эдинсон Кавани
67%
Тиагу Мотта
67%
Адриен Рабьо
67%
Роналдиньо
67%
Лукас Моура
67%
Давид Луис
67%
Ашраф Хакими
67%
Марко Верратти
67%
Маркиньос
67%
Дани Алвес
67%
Витинья
67%
Юлиан Дракслер
67%
Блез Матюиди
67%
Преснель Кимпембе
67%
Кейлор Навас
56%
Хавьер Пасторе
56%
Левен Кюрзава
56%
Тиагу Силва
56%
Джанлуиджи Буффон
56%
Клод Макелеле
44%
Эсекьель Лавесси
44%
Кристофер Нкунку
44%
Максвелл
44%
Сальваторе Сиригу
44%
Людовик Жюли
33%
Серж Орье
33%
Кевин Трапп
33%
Пабло Сарабия
33%
Джей-Джей Окоча
22%
Сильвен Арман
22%
Габриэль Хайнце
22%
Давид Жинола
22%
Венсан Герен
22%
Педру Паулета
22%
Юрий Джоркаефф
22%
Джордж Веа
22%
Эдуар Сиссе
11%
Сафет Сушич
11%
Жоэль Батс
11%
Пеги Люйиндюла
11%
Раи
11%
Жером Ротен
11%
No matching quizzes found
Score Distribution
Percent of People with Each Score
Percentile by Number Answered
Your Score History
You have not taken this quiz since the last reset